دليل الرحمن للوقاية من الإصابة بالعين والسحر والشيطان والجان / (رقم التسجيلة. 78444)

تفاصيل مارك
000 -الفاتح
عناصر البيانات ثابتة الطول 00720cam a2200181 i 4500
005 - تاريخ ووقت آخر معاملة
حقل ضبط 20251201123507.0
008 - عناصر البيانات ثابتة الطول
عناصر البيانات ثابتة الطول 250721s9999 le gr 000 0 ara d
082 14 - رقم تصنيف ديوي العشري
رقم التصنيف 210.4213343
رقم المادة م ح م
100 1# - مدخل رئيسي – اسم شخصي
الاسم الشخصي محمد، عبد الرحيم أبو الفضل
علاقة الشخص بالعمل/ دوره معد.
245 10 - بيان العنوان
العنوان دليل الرحمن للوقاية من الإصابة بالعين والسحر والشيطان والجان /
بيان المسؤولية إعداد عبد الرحيم أبو الفضل محمد.
264 31 - بيانات النشر، التوزيع…إلخ
مكان النشر، التوزيع...إلخ بيروت :
اسم الناشر، الموزع...إلخ دار الكتب العلمية،
تاريخ النشر، التوزيع...إلخ [بين 1995 و 2000].
300 ## - الوصف المادي
عدد الوحدات المكونة للوعاء 103 صفحة.
650 17 - مدخل إضافي بالموضوع - مصطلح موضوعي
مصطلح موضوعي أو اسم جغرافي كعنصر مدخل الإسلام.
650 17 - مدخل إضافي بالموضوع - مصطلح موضوعي
مصطلح موضوعي أو اسم جغرافي كعنصر مدخل السحر والتجيم.
700 1# - مدخل إضافي - اسم شخصي
علاقة الشخص بالعمل/ دوره معد.
942 ## - بيانات إضافية (كوها)
نوع التنصيف Dewey Decimal Classification
نوع المادة (كوها) كتب
المقتنيات
حالة السحب حالة الفقدان مصدر التصنيف حالة التلف غير قابل للإعارة المكتبة الرئيسية المكتبة الحالية موقع الرف تاريخ التزويد الرقم المتسلسل Total Checkouts رقم الإستدعاء الباركود تاريخ آخر ظهور تاريخ الفاتورة نوع المادة (كوها) العملة
    Dewey Decimal Classification     المكتبة المركزية المكتبة المركزية الإعارة 06/07/2004 620129   210.4213343 / م ح م 620129 28/07/2025 06/07/2004 كتب  
    Dewey Decimal Classification     المكتبة المركزية المكتبة المركزية الإعارة 27/11/2025 1454073   210,421334 / م ح م 1454073 27/11/2025 27/11/2025 كتب JOD
    Dewey Decimal Classification Unchecked   مكتبة الأميرة ايمان العامة مكتبة الأميرة ايمان العامة الإعارة 28/07/2025 339181   210.4213343/محم   28/07/2025 28/07/2025 كتب  
    Dewey Decimal Classification     مكتبة صويلح العامة مكتبة صويلح العامة الإعارة 31/01/2016 339182   210.4213343/محم PLD00370918 28/07/2025 31/01/2016 كتب  
Implemented & Customized by: BBB with SCIT (Smart Chains for Information Technology)

Powered by Koha